| 000 | 00710cam a22001934a 4500 | ||
|---|---|---|---|
| 020 | _a0714652636 (cloth) | ||
| 040 | _cDLC | ||
| 082 | 0 | 0 | _a330 F.CA 2002 A070 Or. |
| 245 | 0 | 0 | _aASEAN business in crisis / |
| 260 |
_aLondon ; _aPortland, OR : _bF. Cass, _c2002. |
||
| 300 |
_a196 p. ; _c24 cm. |
||
| 500 | _a"This group of studies first appeared in a special issue of Asia Pacific Business Review [ISSN 1360-2381], Vol.8, No.2 (Winter 2001) published by Frank Cass and Co. Ltd." | ||
| 650 | 0 | _aFinancial crises | |
| 650 | 0 | _aInternational finance. | |
| 700 | 1 | _aBhopal, Mhinder, | |
| 700 | 1 | _aHitchcock, Michael. | |
| 856 | 4 | 2 | _uhttp://www.loc.gov/catdir/enhancements/fy0652/2002001626-d.html |
| 942 | _cEK | ||
| 999 |
_c14813 _d14813 |
||